La Crisi del dret / Amadeu Hurtado i Miró
Descripción Física:
36 p. ; 25 cm
MARC
| LEADER | 00000nam a2200000Ia 4500 | ||
|---|---|---|---|
| 001 | 17275 | ||
| 003 | BGR | ||
| 005 | 20260410113655.0 | ||
| 008 | 160829s1935 xx 000 0 cat d | ||
| 080 | |a RF-15-17 | ||
| 100 | |a Hurtado i Miró, Amadeu |9 37766 | ||
| 245 | |a La Crisi del dret / Amadeu Hurtado i Miró | ||
| 260 | |a Barcelona : |b Acadèmia de Jurisprudència i Legislació de Catalunya, |c 1935 | ||
| 300 | |a 36 p. ; |c 25 cm | ||
| 590 | |a Memòria del curs de 1934 de l'Acadèmia de Jurisprudència i Legislació de Catalunya | ||
| 610 | 2 | 0 | |9 55092 |a Acadèmia de Jurisprudència i Legislació de Catalunya |x Anuaris |
| 650 | |a Dret |x Assaigs, conferències, etc. |9 39367 | ||
| 856 | 4 | |u https://media.diba.cat/diba/fitxers/arxiu/fulletons/bib_17275_1935_baixa.pdf |y Accés lliure | |
| 856 | 4 | |u https://media.diba.cat/diba/fitxers/arxiu/fulletons/bib_17275_1935_baixa.pdf |y Accés lliure | |
| 900 | |a bib_17275_1935_baixa.pdf | ||
| 901 | |a Arxiu | ||
| 942 | |n 1 |2 udc |c MON | ||
| 952 | |0 0 |1 0 |4 0 |6 RF1517 |7 1 |9 48979 |a Arxiu |b Arxiu |d 2016-12-01 |l 0 |o RF-15-17 |p 17275 |r 2016-12-01 00:00:00 |w 2016-12-01 |y ARXIU | ||
| 999 | |c 52814 |d 52814 | ||